01550nam a2200361Ia 4500001001200000003000800012006001900020007001500039008004100054010001700095020003100112020004400143040002100187035002100208050002600229082002200255245015500277260004400432300001700476490004000493504005100533533015200584650005800736650006100794650006200855655002900917700002500946710001600971710001700987830004101004856012601045999001701171ebr10408454CaPaEBRm u cr cn|||||||||100429s2010 dcu sb 001 0 eng d z 2010016657 z9780821384145 (alk. paper) z9780821384343 (electronic : alk. paper) aCaPaEBRcCaPaEBR a(OCoLC)65956117514aHD1698.S6bB47 2010eb04a333.91009687322200aBerg water projecth[electronic resource] :bcommunication practices for governance and sustainability improvement /cLawrence J.M. Haas ... [et al.]. aWashington, D.C. :bWorld Bank,cc2010. axiii, 116 p.1 aWorld Bank working paper ;vno. 199 aIncludes bibliographical references and index. aElectronic reproduction.bPalo Alto, Calif. :cebrary,d2011.nAvailable via World Wide Web.nAccess may be limited to ebrary affiliated libraries. 0aWater-supplyzSouth AfricazWestern CapexManagement. 0aWater resources developmentzSouth AfricazWestern Cape. 0aIntegrated water developmentzSouth AfricazWestern Cape. 7aElectronic books.2local1 aHaas, Lawrence J. M.2 aWorld Bank.2 aebrary, Inc. 0aWorld Bank working paper ;vno. 199.40uhttp://site.ebrary.com/lib/rucke/Doc?id=10408454zAn electronic book accessible through the World Wide Web; click to view c80235d80235